000 00622nam a2200253Ia 4500
005 20260121161100.0
008 008 260114s9999 xx 000 0 eng d
020 _a9780429428197
037 _aEBOOK
040 _aCRL
040 _beng
040 _cCRL
041 _2eng
041 _aeng
084 _qCRL
100 _a Graham P. Chapman; Ashok K. Dutt
_91039983
245 0 _aUrban Growth and Development in Asia
260 _bTaylor and Francis
260 _c1999
856 _uhttp://www.taylorfrancis.com/books/9780429428197
942 _cEBOOK
999 _c1606799
_d1606799